Quantifying the effects of temperature and photoperiod on phenological development to flowering in rice

Αποθηκεύτηκε σε:
Λεπτομέρειες βιβλιογραφικής εγγραφής
Κύριος συγγραφέας: Xinyou Yin
Μορφή: Βιβλίο
Γλώσσα:Undetermined
Έκδοση: Wageningen Wageningen Univ 1996
Θέματα:
Ετικέτες: Προσθήκη ετικέτας
Δεν υπάρχουν, Καταχωρήστε ετικέτα πρώτοι!
Thư viện lưu trữ: Trung tâm Học liệu Trường Đại học Cần Thơ
LEADER 00567nam a2200181Ia 4500
001 CTU_42801
008 210402s9999 xx 000 0 und d
082 |a 633.188 
082 |b Y51 
100 |a Xinyou Yin 
245 0 |a Quantifying the effects of temperature and photoperiod on phenological development to flowering in rice 
245 0 |c Xinyou Yin 
260 |a Wageningen 
260 |b Wageningen Univ 
260 |c 1996 
650 |a rice - physiology 
904 |i Nguyễn Quang Điền, 010704 
980 |a Trung tâm Học liệu Trường Đại học Cần Thơ